000 02629nam a2200361 c 4500
003 BLK
005 20180422113640.0
008 180410b bul|||||r ||||||| ||bul||
010 _aKNG00166528000
040 _aBLK
041 _aBUL
_cBUL
080 _aРентабилност. Рационализация. Производителност. Ефективност на производството
_b005.61
_x.5(035)
_z005.61.5(035)
700 1 _aАзбел, Виктор Олимпиевич
_eсъавт.
_9334491
700 1 _aМайоров, Сергей Ал.
_eпод общ. ред. на
_9334492
700 1 _aОрловски, Георги В.
_eпод общ. ред. на
_9104896
700 1 _aМитев, Веселин
_eпрев. от рус.
_9368633
139 _aГъвкаво автоматично производство
_bГ 95
245 1 0 _aГъвкаво автоматично производство
_bРъководство
_cсъавт. Виктор Олимпиевич Азбел; под общ. ред. на Сергей Ал. Майоров; под общ. ред. на Георги В. Орловски; прев. от рус. Веселин Митев.
257 _aSUN
260 София
_bТехника
_c1984
_fХасково : Ат. Стратиев
300 _a419 с.
_bс ил., табл., сх.
_c22 см
380 _a3
500 _aОриг. загл. Гибкое автоматическое производство. - Други авт. : Вл. Ал. Егоров, Ал. Ю. Звоницки, С. Ал. Майоров, А. В. Максимов, О. Б. Маликов, Ив. М. Митрофанов, С. П. Митрофанов, Ф. С. Мовшович, Г. Ив. Новиков, Г. В. Орловски, Б. С. Падун, Вл. А. Петров, Ал. Б. Погодин, А. М. Покровски, А. Г. Поляков, Н. Ал. Смирнов, Е. П. Черков, Б. Ил. Чичканов, Е. А. Якушенко, отбелязани в библиогр. каре ; Други прев. : Г. Н. Хаджикосев, Д. С. Чакърски, Т. Д. Нешков. - 1 214 тир. - Библиогр. след отд. гл.
650 4 _aАвтоматизация на производството
_9266722
653 _aавтоматизация
653 _aпроизводство
653 _aръководства
852 _aЦб 131579
856 4 _qpdf
_u
856 4 _qpdf
_u
942 _cKNG
_n0
944 _aCR
_c30.10.2014
_l30.10.2014 - от С1,Р / 30.10.2014
_kРадостина_Карадакова
944 _aED
_c30.10.2014
_l30.10.2014 - от С1,Р / 30.10.2014
_k
999 _c159413
_d159413